CONSTRUCTION DRAWINGS AND DETAILS FOR INTERIORS (Record no. 32284)

MARC details
000 -LEADER
fixed length control field 00322nam a22001457a 4500
003 - CONTROL NUMBER IDENTIFIER
control field SGT
020 ## - INTERNATIONAL STANDARD BOOK NUMBER
International Standard Book Number 9781119714347
082 ## - DEWEY DECIMAL CLASSIFICATION NUMBER
Classification number 692
Item number KIL
100 ## - MAIN ENTRY--PERSONAL NAME
Personal name KILMER ROSEMARY
245 ## - TITLE STATEMENT
Title CONSTRUCTION DRAWINGS AND DETAILS FOR INTERIORS
250 ## - EDITION STATEMENT
Edition statement 4TH
260 ## - PUBLICATION, DISTRIBUTION, ETC. (IMPRINT)
Place of publication, distribution, etc U.S
Name of publisher, distributor, etc WILEY
Year of Publication 2021
300 ## - PAGE DESCRIPTION
No. of Pages 468
942 ## - ADDED ENTRY ELEMENTS (KOHA)
Source of classification or shelving scheme Dewey Decimal Classification
Koha item type Books
Holdings
Withdrawn status Lost status Source of classification or shelving scheme Damaged status Not for loan Home library Current library Shelving location Date acquired Vendor Name Cost, normal purchase price SGTU Bill Number Full call number Accession No. (Barcode) Date last seen Bill Date Koha item type Total Checkouts
    Dewey Decimal Classification   Not For Loan SGT Science & Social Sciences Library SGT Science & Social Sciences Library Reference Book 20/08/2025 BRIJWASI DELHI 12583.88 SGTU BW/000225 692 KIL FF845 20/08/2025 25/07/2025 Books  
    Dewey Decimal Classification     SGT Science & Social Sciences Library SGT Science & Social Sciences Library Text Book 20/08/2025 BRIJWASI DELHI 12583.88 SGTU BW/000225 692 KIL FF846 20/08/2025 25/07/2025 Books